<?xml version="1.0" encoding="UTF-8"?>
<collection xmlns="http://www.loc.gov/MARC21/slim">
 <record>
  <leader>06883nam a2200397 a 4500</leader>
  <controlfield tag="001">kal581</controlfield>
  <controlfield tag="003">Gr-AtHEAL</controlfield>
  <controlfield tag="005">20160426114104.0</controlfield>
  <controlfield tag="006">m        d        </controlfield>
  <controlfield tag="008">160413s2015    gr      s           gre|c</controlfield>
  <datafield tag="020" ind1=" " ind2=" ">
   <subfield code="a">9789606032806</subfield>
  </datafield>
  <datafield tag="040" ind1=" " ind2=" ">
   <subfield code="a">GR-AtHEAL</subfield>
   <subfield code="b">gre</subfield>
   <subfield code="c">GR-AtHEAL</subfield>
  </datafield>
  <datafield tag="082" ind1="0" ind2="4">
   <subfield code="a">485</subfield>
   <subfield code="2">23</subfield>
  </datafield>
  <datafield tag="100" ind1="1" ind2=" ">
   <subfield code="a">Ρούσσου, Άννα.</subfield>
   <subfield code="8">55</subfield>
  </datafield>
  <datafield tag="245" ind1="1" ind2="0">
   <subfield code="a">Σύνταξη</subfield>
   <subfield code="h">[Ηλεκτρονικός πόρος] </subfield>
   <subfield code="b">Γραμματική και Μινιμαλισμός</subfield>
   <subfield code="c">Ρούσσου, Άννα ; Κριτικός αναγνώστης,Γεωργιαφέντης, Μιχαήλ ; Τεχνική επιμέλεια,Ιωάννης, Αγγελάκος ; Γλωσσική επιμέλεια,Φραγκάκη, Γεωργία.</subfield>
  </datafield>
  <datafield tag="260" ind1=" " ind2=" ">
   <subfield code="a">Αθήνα :</subfield>
   <subfield code="b">Σύνδεσμος Ελληνικών Ακαδημαϊκών Βιβλιοθηκών,</subfield>
   <subfield code="c">c2015.</subfield>
  </datafield>
  <datafield tag="490" ind1=" " ind2=" ">
   <subfield code="a">Ακαδημαϊκά Ηλεκτρονικά Συγγράμματα και Βοηθήματα Κάλλιπος</subfield>
   <subfield code="8">40</subfield>
  </datafield>
  <datafield tag="505" ind1="0" ind2=" ">
   <subfield code="a">Πίνακας περιεχομένωνΠίνακας συντομεύσεων-ακρωνύμιαΠρόλογος Εισαγωγή1. Γλώσσα και γραμματική2. Συντακτικές κατηγορίες3. Από τη λέξη στη φράση: φραστική δομή4. Σύνταξη και λεξικό5. Γραμματικές λειτουργίες και (κενά) ορίσματα6. Συμφωνία και σχέσεις ορισμάτων7. Αριστερή περιφέρεια Ι: Συμπληρωματικές προτάσεις8. Αριστερή περιφέρεια ΙΙ: ερωτήσεις και Ā-εξαρτήσειςΕυρετήριο αντιστοίχησης ελληνικών και αγγλικών όρων</subfield>
  </datafield>
  <datafield tag="520" ind1=" " ind2=" ">
   <subfield code="a">Το βιβλίο αποτελεί μια εισαγωγή στη συντακτική θεωρία, με βάση το θεωρητικό πλαίσιο της Γενετικής Γραμματικής (Chomsky 1986, 1995 κι εξής). Βασικός του στόχος είναι να εισαγάγει τους φοιτητές στη μελέτη της συντακτικής δομής της γλώσσας και να παρουσιάσει τη μεθοδολογία, το θεωρητικό πλαίσιο για την ανάλυση των εμπειρικών δεδομένων. Οι ενότητες του βιβλίου καλύπτουν τον ορισμό της σύνταξης και τη θέση της στη γραμματική, τη φραστική δομή (πώς σχηματίζονται οι φράσεις, ποια η σχέση του λεξικού και της μορφολογίας με τη σύνταξη), αλλά και τις σχέσεις εξάρτησης που εμφανίζονται ανάμεσα στα επιμέρους λεξικά στοιχεία μέσα στη δομή της πρότασης (ή οποιασδήποτε άλλης φράσης). Η σχέση υποκειμένου - κατηγορήματος αποτελεί μια σημαντική ενότητα για τον καθορισμό της πρότασης. Σε αυτό το πλαίσιο εξετάζουμε την πραγμάτωση του υποκειμένου (λεξικά εκπεφρασμένο ή φωνητικά κενό) και την εμφάνιση του λογικού αντικειμένου (εσωτερικού ορίσματος) σε θέση συντακτικού υποκειμένου (παθητικές δομές, αναιτιατικά ρήματα). Ο ρόλος της συντακτικής δομής αλλά και της μορφολογικής πτώσης εξετάζονται σε σχέση με την πραγμάτωση των ορισμάτων του κατηγορήματος σε θέσεις υποκειμένου και αντικειμένου. Το υποκείμενο παίζει επίσης σημαντικό ρόλο στην έκφραση σχέσεων εξάρτησης, όπως στην περίπτωση της αυτοπάθειας, όπου μια αυτοπαθής αντωνυμία υποχρεωτικά δεσμεύεται για την αναφορά της από το υποκείμενο της πρότασης (αναφορική δέσμευση). Οι προσωπικές αντωνυμίες αντιθέτως έχουν πολύ διαφορετική κατανομή.Σχέσεις εξάρτησης εμφανίζονται επίσης και σε περιπτώσεις που έχουμε μετατόπιση συστατικών, όπως παρατηρούμε χαρακτηριστικά στις ερωτηματικές και αναφορικές προτάσεις. Οι αντωνυμίες αυτές δεσμεύουν μεταβλητές. Η ανάλυση επεκτείνεται και σε άλλες περιπτώσεις μετατόπισης, όπως είναι η εστίαση και η θεματοποίηση. Σε αυτό το πλαίσιο εξετάζεται και η δομή της αριστερής περιφέρειας της πρότασης, αλλά και ο ρόλος των ποσοδεικτών ως στοιχείων που επίσης δεσμεύουν μεταβλητές με πεδίο εμβέλειας την πρόταση.</subfield>
  </datafield>
  <datafield tag="650" ind1=" " ind2="0">
   <subfield code="a">Greek Language</subfield>
   <subfield code="v">Syntax</subfield>
   <subfield code="8">1449</subfield>
  </datafield>
  <datafield tag="653" ind1=" " ind2=" ">
   <subfield code="a">Καθολική γραμματική</subfield>
  </datafield>
  <datafield tag="653" ind1=" " ind2=" ">
   <subfield code="a">Φραστική δομή</subfield>
  </datafield>
  <datafield tag="653" ind1=" " ind2=" ">
   <subfield code="a">Λεξικό</subfield>
  </datafield>
  <datafield tag="653" ind1=" " ind2=" ">
   <subfield code="a">Γενετική γραμματική</subfield>
  </datafield>
  <datafield tag="653" ind1=" " ind2=" ">
   <subfield code="a">Γλωσσολογία</subfield>
   <subfield code="a">Πεδία Γλωσσολογίας</subfield>
   <subfield code="a">Πεδία βάσει της δομής της γλώσσας</subfield>
   <subfield code="a">Σύνταξη</subfield>
  </datafield>
  <datafield tag="653" ind1=" " ind2=" ">
   <subfield code="a">Γλωσσολογία</subfield>
   <subfield code="a">Δομή της γλώσσας</subfield>
  </datafield>
  <datafield tag="653" ind1=" " ind2=" ">
   <subfield code="a">Γλωσσολογία</subfield>
   <subfield code="a">Γλωσσικές μονάδες</subfield>
  </datafield>
  <datafield tag="653" ind1=" " ind2=" ">
   <subfield code="a">Γλωσσολογία</subfield>
   <subfield code="a">Θεωρία και μέθοδος</subfield>
  </datafield>
  <datafield tag="653" ind1=" " ind2=" ">
   <subfield code="a">Γλωσσολογία</subfield>
   <subfield code="a">Πεδία Γλωσσολογίας</subfield>
  </datafield>
  <datafield tag="653" ind1=" " ind2=" ">
   <subfield code="a">Γλωσσολογία</subfield>
   <subfield code="a">Δομή της γλώσσας</subfield>
   <subfield code="a">Γραμματική</subfield>
   <subfield code="a">Θεωρίες και πρότυπα γραμματικής</subfield>
   <subfield code="a">Τυπικές γραμματικές</subfield>
   <subfield code="a">Γενετική μετασχηματιστική γραμματική</subfield>
  </datafield>
  <datafield tag="700" ind1="1" ind2=" ">
   <subfield code="a">Γεωργιαφέντης, Μιχαήλ</subfield>
   <subfield code="e">Κριτικός αναγνώστης</subfield>
   <subfield code="8">56</subfield>
  </datafield>
  <datafield tag="856" ind1="4" ind2="0">
   <subfield code="u">http://hdl.handle.net/11419/581</subfield>
   <subfield code="z">Πλήρες Κείμενο - Full text</subfield>
  </datafield>
  <datafield tag="907" ind1=" " ind2=" ">
   <subfield code="a">.b25677007</subfield>
   <subfield code="b">12-06-18</subfield>
   <subfield code="c">29-07-16</subfield>
  </datafield>
  <datafield tag="949" ind1=" " ind2=" ">
   <subfield code="0">0</subfield>
   <subfield code="1">0</subfield>
   <subfield code="2">ddc</subfield>
   <subfield code="4">0</subfield>
   <subfield code="6">485_000000000000000_ΡΟΥ</subfield>
   <subfield code="7">0</subfield>
   <subfield code="8">KALL</subfield>
   <subfield code="8">458</subfield>
   <subfield code="d">2016-04-13</subfield>
   <subfield code="r">2016-04-13</subfield>
   <subfield code="w">2016-04-13</subfield>
   <subfield code="z">485 ΡΟΥ</subfield>
   <subfield code="o">SEAB KALLIPOS</subfield>
  </datafield>
  <datafield tag="998" ind1=" " ind2=" ">
   <subfield code="a">01</subfield>
   <subfield code="a">02</subfield>
   <subfield code="a">03</subfield>
   <subfield code="a">04</subfield>
   <subfield code="a">05</subfield>
   <subfield code="a">06</subfield>
   <subfield code="a">07</subfield>
   <subfield code="a">08</subfield>
   <subfield code="a">09</subfield>
   <subfield code="a">10</subfield>
   <subfield code="a">11</subfield>
   <subfield code="a">12</subfield>
   <subfield code="a">13</subfield>
   <subfield code="a">14</subfield>
   <subfield code="a">15</subfield>
   <subfield code="a">16</subfield>
   <subfield code="a">17</subfield>
   <subfield code="a">18</subfield>
   <subfield code="a">19</subfield>
   <subfield code="a">20</subfield>
   <subfield code="a">21</subfield>
   <subfield code="a">22</subfield>
   <subfield code="a">23</subfield>
   <subfield code="a">24</subfield>
   <subfield code="a">25</subfield>
   <subfield code="a">26</subfield>
   <subfield code="a">80</subfield>
   <subfield code="b">15-06-00</subfield>
   <subfield code="c">m</subfield>
   <subfield code="d">z  </subfield>
   <subfield code="e">-</subfield>
   <subfield code="f">gre</subfield>
   <subfield code="g">gr </subfield>
   <subfield code="h">0</subfield>
  </datafield>
  <datafield tag="942" ind1=" " ind2=" ">
   <subfield code="2">ddc</subfield>
   <subfield code="c">KALLIPOS</subfield>
  </datafield>
 </record>
</collection>
